00433nam a2200133Ia 4500020001800000082001600018245005700034260004100091500006000132504001900192650004400211700002200255700002200277 a9781412969017 aRR 320 TWE- 0a21st century political science: a reference handbook aLos AngelesbSage Publicationsc2011 acontents: 2 Vols. Vol.1 (xxii, 448p.) - v.2 (449-898p.) aincludes index aincludes indexvHandbooks, manuals etc. aIshiyama, John T. aBreuning, Marijke